Cartes Pokémon - Extensions du bloc Épée et Bouclier - Statistiques

Statistiques générales
  • Ce quiz a été pris 28 fois
  • Le résultat moyen est 13 sur 17
Statistiques - réponses
Date de sortie Extension % Correct
07 février 2020 Épée et Bouclier
92%
09 septembre 2022 Épée et Bouclier Origine Perdue
88%
11 novembre 2022 Épée et Bouclier Tempête Argentée
88%
23 janvier 2023 Zénith Suprême
88%
27 août 2021 Épée et Bouclier Évolution Céleste
83%
25 février 2022 Épée et Bouclier Stars Étincelantes
83%
27 mai 2022 Épée et Bouclier Astres Radieux
79%
18 juin 2021 Épée et Bouclier Règne de Glace
79%
21 février 2021 Destinées Radieuses
75%
12 novembre 2021 Épée et Bouclier Poing de Fusion
75%
01 mai 2020 Épée et Bouclier Clash des Rebelles
71%
19 mars 2021 Épée et Bouclier Styles de Combat
71%
13 novembre 2020 Épée et Bouclier Voltage Éclatant
71%
14 août 2020 Épée et Bouclier Ténèbres Embrasées
67%
08 octobre 2021 Célébrations
63%
25 septembre 2020 La Voie du Maître
63%
01 juillet 2022 Pokémon GO
54%
Aucun quiz correspondant
Distribution des résultats
% des personnes avec chaque résultat
Percentile par nombre de réponses
Votre historique - résultats
Vous n’avez pas pris ce quiz